[Event "Wisconsin Int"]
[White "Rozman, Levy"]
[Black "Joynt, Robert J"]
[Site "Madison"]
[Round "7"]
[Result "1-0"]
[Date "2017.06.16"]
[WhiteElo "2391"]
[BlackElo "2265"]
[PlyCount "81"]
[EventDate "2017.06.13"]
[EventType "swiss"]
[EventRounds "9"]
[EventCountry "USA"]
[SourceTitle "CBM 179 Extra"]
[Source "ChessBase"]
[SourceDate "2017.08.23"]
[SourceVersion "1"]
[SourceVersionDate "2017.08.23"]
[SourceQuality "1"]

1. b3 d5 2. Bb2 c5 3. e3 Nc6 4. f4 Nf6 5. Nf3 g6 6. Bb5 Bd7 7. Nc3 a6 8. Be2 d4 9. Na4 e6 10. c4 Be7 11. b4 dxe3 12. bxc5 exd2+ 13. Qxd2 Qc7 14. g3 0-0 15. 0-0-0 Rad8 16. Qc3 Nd4 17. Rxd4 Bxa4 18. Rxd8 Rxd8 19. Ng5 Bc6 20. Re1 h6 21. Nf3 Bxf3 22. Bxf3 Kh7 23. Rd1 Rxd1+ 24. Kxd1 Qxc5 25. Bxb7 Qg1+ 26. Kc2 Qb6 27. Bg2 Qf2+ 28. Qd2 Qc5 29. Qd4 Qxd4 30. Bxd4 Nd7 31. Kb3 g5 32. fxg5 hxg5 33. Ka4 f5 34. Ka5 e5 35. Bf2 e4 36. Kxa6 Kg6 37. Kb5 Kf6 38. g4 Ke5 39. gxf5 Kxf5 40. a4 Bd6 41. Kc6 1-0